000 00348nam a2200133Ia 4500
005 20251222154406.0
008 251222s9999||||xx |||||||||||||| ||spa||
020 _a8482393006
082 _a232.963.5/R47
100 _aRey Ballesteros, José-Fernando
245 0 _aLas Siete Palabras de Jesús
264 _bEdiciones Palabra, S.A.
942 _cLIB
999 _c35500
_d35500